000 00432nam a22001337a 4500
008 160725b xxu||||| |||| 00| 0 eng d
020 _a9780230229532
050 _aBF 637 .F87 2010
100 _aFurnham, Adrian.
_d2010.
245 _aThe Elephant in the boardroom /
_cAdrian Furham.
260 _aUSA:
_bPalgrave MacMillan,
_c2010.
300 _aix, 283 p.
_bIncludes index.
942 _2lcc
_cBOOK
_hBF 637 .F87 2010
999 _c12288
_d12288